[Event "11th Varna it"]
[Site "Golden Sands BUL"]
[Date "1972.06.10"]
[Round "12"]
[White "Bednarski, Jacek"]
[Black "Popov, Luben"]
[Result "1/2-1/2"]
[WhiteElo "2400"]
[BlackElo "2460"]
[EventDate "1972.05.26"]
[PlyCount "106"]

1.e4 c5 2.Nf3 e6 3.Nc3 a6 4.d4 cxd4 5.Nxd4 Qc7 6.Bd3 Nc6 7.Be3 Nf6 8.O-O 
Ne5 9.h3 b5 10.f4 Nc4 11.Bxc4 Qxc4 12.Qd3 Qxd3 13.cxd3 Bb7 14.a4 b4 15.
Nce2 Bc5 16.Kf2 d6 17.Nb3 Bxe3+ 18.Kxe3 a5 19.Rfc1 Kd7 20.Ned4 Rhc8 21.Nd2
Ra6 22.Rxc8 Kxc8 23.N4b3 Ba8 24.g4 d5 25.e5 Nd7 26.Rc1+ Rc6 27.Kd4 Rxc1 
28.Nxc1 Kc7 29.Nf3 h6 30.h4 Kb6 31.h5 Nb8 32.Ke3 Nc6 33.Nd4 Ne7 34.b3 Bc6 
35.Nce2 Bd7 36.Ng3 Kc7 37.f5 Kd8 38.Kf4 Ke8 39.f6 gxf6 40.exf6 Nc8 41.Ke5 
Kf8 42.Nge2 Be8 43.Nc1 Nb6 44.Kd6 e5 45.Kxe5 Bd7 46.Nf5 Bxf5 47.Kxf5 d4 
48.Ne2 Nxa4 49.Ke5 Nc5 50.Nc1 Nd7+ 51.Kxd4 Nxf6 52.Kc5 Nxg4 53.Kb5 Nf6 
1/2-1/2

[Event "11th Varna it"]
[Site "Golden Sands BUL"]
[Date "1972.06.10"]
[Round "12"]
[White "Ermenkov, Evgeny"]
[Black "Sofrevski, Jovan"]
[Result "1/2-1/2"]
[WhiteElo "2260"]
[BlackElo "2410"]
[EventDate "1972.05.26"]
[PlyCount "95"]

1.c4 Nf6 2.g3 e5 3.Bg2 c6 4.Nf3 d6 5.O-O g6 6.Nc3 Bg7 7.Qc2 Qe7 8.d4 O-O 
9.e4 Re8 10.Re1 Na6 11.Be3 exd4 12.Bxd4 Nc5 13.h3 Ne6 14.Be3 Nd7 15.Kh2 h5
16.Rad1 Ne5 17.Nxe5 dxe5 18.h4 Nd4 19.Bxd4 exd4 20.Ne2 Rd8 21.Nc1 Bg4 22.
Rd3 Be5 23.Kg1 c5 24.f4 Bc7 25.e5 Ba5 26.Rf1 Bf5 27.Qe2 b5 28.Bxa8 Rxa8 
29.Rdd1 bxc4 30.Qxc4 Bb6 31.b3 Be6 32.Qe2 c4 33.Qg2 Rc8 34.bxc4 Rxc4 35.
Nd3 Rc3 36.Rd2 Bf5 37.Nf2 Qb4 38.Rfd1 Rc2 39.Rxc2 Bxc2 40.Rf1 d3 41.Qc6 
Bxf2+ 42.Kxf2 Qd4+ 43.Kf3 Ba4 44.Qd6 Qc3 45.f5 Bc6+ 46.Ke3 d2+ 47.Kf4 g5+ 
48.hxg5 1/2-1/2

[Event "11th Varna it"]
[Site "Golden Sands BUL"]
[Date "1972.06.11"]
[Round "13"]
[White "Sofrevski, Jovan"]
[Black "Vogt, Lothar"]
[Result "1-0"]
[WhiteElo "2410"]
[BlackElo "2390"]
[EventDate "1972.05.26"]
[PlyCount "77"]

1.Nf3 g6 2.e4 Bg7 3.d4 d6 4.c4 Nf6 5.Nc3 O-O 6.Be2 e5 7.d5 Nh5 8.g3 Na6 9.
O-O f5 10.exf5 Bxf5 11.Ng5 Nf6 12.f3 Qe7 13.Nge4 Nxe4 14.Nxe4 Bxe4 15.fxe4
Rxf1+ 16.Bxf1 Qf8 17.g4 Bf6 18.g5 Bd8 19.Be3 c6 20.dxc6 bxc6 21.b4 Nxb4 
22.c5 a5 23.cxd6 Kh8 24.a3 Na6 25.Ra2 Nb8 26.Rf2 Qe8 27.Bc4 Nd7 28.Bf7 Qf8
29.Be6 Qe8 30.Qg4 Nf8 31.Bf7 Qd7 32.Qxd7 Nxd7 33.Be6 Bb6 34.Bxb6 Nxb6 35.
Rc2 Rb8 36.Rxc6 h6 37.gxh6 Kh7 38.d7 Kxh6 39.Rxb6 1-0